00612nam a2200205Ia 450000500170000000800410001704000190005804100120007708200150008910000170010424500770012126000470019830000160024544000360026150400190029765000230031665100410033970000160038085000100039620230216142936.0131103s9999 xx 000 0 und d aLoreto College aEnglish a820.9bWYA aWyatt, A. J. aEnglish literature of the nineteenth centurycA. J. Wyatt and Henry Clay aLondonbUniversity of Turorial Pressc1912 a[4],185 p.  aThe University Turorial series aIncludes index aEnglish Literature a19th Century - History and Criticism aClay, Henry aLCLIB